Statistics for Top 10 Most Popular Pokemon

Click here to take the quiz!

General Stats

  • This quiz has been taken 21 times
  • The average score is 5 of 10

Answer Stats

Monthly SearchesGenerationAnswer% Correct
240,700Gen 1Charizard
100%
73,100Gen 6Greninja
70%
113,500Gen 1Gengar
45%
82,400Gen 3Rayquaza
45%
93,700Gen 4Garchomp
40%
137,300Gen 6Sylveon
40%
158,400Gen 3Gardevoir
35%
126,200Gen 4Lucario
35%
84,300Gen 7Mimikyu
35%
113,000Gen 2Umbreon
35%

Score Distribution

Percentile by Number Answered

Percent of People with Each Score

Your Score History

You have not taken this quiz